Town centre regeneration (Record no. 112779)

MARC details
000 -LEADER
fixed length control field 00982cad a22002415a 4500
001 - CONTROL NUMBER
control field E153951
008 - FIXED-LENGTH DATA ELEMENTS--GENERAL INFORMATION
fixed length control field 110927s2011 xxk f s000 0 eng d
020 ## - INTERNATIONAL STANDARD BOOK NUMBER
International Standard Book Number 9781780454030
035 ## - SYSTEM CONTROL NUMBER
System control number (Sirsi) u153951
041 0# - LANGUAGE CODE
Language code of text/sound track or separate title eng
110 2# - MAIN ENTRY--CORPORATE NAME
Corporate name or jurisdiction name as entry element Douglas Wheeler Associates
9 (RLIN) 5787
245 00 - TITLE STATEMENT
Title Town centre regeneration
Remainder of title how does it work & what can be achieved?
Medium [electronic resource]
260 ## - PUBLICATION, DISTRIBUTION, ETC.
Place of publication, distribution, etc. Edinburgh
Name of publisher, distributor, etc. Scottish Government
Date of publication, distribution, etc. 2011
520 ## - SUMMARY, ETC.
Summary, etc. Presents the results of research into the process and results of the regeneration of town centres, in order to asses how it works and the benefits which it can bring.
590 ## - LOCAL NOTE (RLIN)
Local note KA
651 #4 - SUBJECT ADDED ENTRY--GEOGRAPHIC NAME
Geographic name Scotland
Chronological subdivision 1999-
690 ## - LOCAL SUBJECT ADDED ENTRY--TOPICAL TERM (OCLC, RLIN)
Topical term or geographic name as entry element ENVIRONMENTAL AND LAND CONSULTANCY-PLANNING AND DEVELOPMENT
710 1# - ADDED ENTRY--CORPORATE NAME
Corporate name or jurisdiction name as entry element Slims Consulting
710 1# - ADDED ENTRY--CORPORATE NAME
Corporate name or jurisdiction name as entry element Ryden
9 (RLIN) 2067
710 1# - ADDED ENTRY--CORPORATE NAME
Corporate name or jurisdiction name as entry element Avril Blamey & Associates
856 40 - ELECTRONIC LOCATION AND ACCESS
Uniform Resource Identifier <a href="https://www.scotland.gov.uk/Publications/2011/09/21082703/0">https://www.scotland.gov.uk/Publications/2011/09/21082703/0</a>
Public note View the report free of charge at www.scotland.gov.uk
942 ## - ADDED ENTRY ELEMENTS (KOHA)
Suppress in OPAC 0
Holdings
Withdrawn status Lost status Source of classification or shelving scheme Damaged status Not for loan Home library Current library Shelving location Date acquired Total Checkouts Full call number Barcode Date last seen Copy number Price effective from Koha item type
    Dewey Decimal Classification     Virtual Virtual Online 27/09/2011   ONLINE PUBLICATION 153951-2001 06/08/2019 1 06/08/2019 Book